00997cam a2200289 a 450000100040000000500170000402000170002104000230003805000240006108200140008510000240009924500830012326000360020630000390024249000310028150000290031250500080034152001670034952100200051652100200053665000220055665000260057865000260060465000200063065000260065070000310067697920231124091043.0 a090129003990 aDLCcDLCdDLCbeng00aPZ7.O81167bVh 199800a[Fic]2211 aOsborne, Mary Pope.10aViking ships at sunrise /cby Mary Pope Osborne ; illustrated by Sal Murdocca. aNew York :bRandom Housec1998. a71 pages :billustrations ;c20 cm1 aMagic tree house vBook 15 a"A Stepping Stone book." aN  aTheir magic tree house takes Jack and Annie back to a monastery in medieval Ireland, where they try to retrieve a lost book while being menaced by Viking raiders. a570 bLexile  aN bRaz-Plus  1aVikingsxFiction. 1aMonasteriesxFiction. 1aTime travelxFiction. 1aMagicxFiction. 1aTree housesxFiction.1 aMurdocca, Saleillustrator